000 00473nam a2200157Ia 4500
999 _c36640
_d36640
003 OSt
005 20210122143140.0
008 190216s9999||||xx |||||||||||||| ||und||
040 _coclc
082 _a954
_bAJA/O
100 _aAjaz, S M
_98379
245 0 _aObjective Indian Economy For Civil Services Preliminary Examination /
_cS M Ajaz
260 _bBright Careers,
_c2002.
_aDelhi:
300 _a848p
942 _cREF
_2ddc
_h954
_iAJA/O
_k954
_mAJA/O